Score 0/25 Timer 06:00
0 Plays Today
% Correct
Monsters University
96.9%
Magic Mike
92.2%
Mission: Impossible - Ghost Protocol
90.6%
Machete
89.1%
The Martian
89.1%
Mr. Popper's Penguins
87.5%
Mamma Mia! Here We Go Again
84.4%
The Magnificent Seven
84.4%
Midnight in Paris
84.4%
Mother!
79.7%
Men in Black: International
76.6%
The Maze Runner
75%
Mud
75%
% Correct
The Mule
73.4%
The Mummy
67.2%
The Master
65.6%
The Man from U.N.C.L.E.
64.1%
Midsommar
64.1%
A Madea Christmas
60.9%
My Big Fat Greek Wedding 2
59.4%
Manchester by the Sea
56.3%
Melancholia
53.1%
Missing Link
46.9%
Million Dollar Arm
42.2%
Mortal Engines
31.3%
Remove Ads.
Support Sporcle.
Get the best of Sporcle when you Go Orange. This ad-free experience offers more features, more stats, and more fun while also helping to support Sporcle. Thank you for becoming a member.

You're not logged in!

Compare scores with friends on all Sporcle quizzes.
OR
Log In

Sporcle TV

Today on Sporcle TV


Watch our educational content, quiz creation guides, and fun videos on Sporcle TV.

Show Comments

Extras

Top Quizzes Today


Score Distribution

Paid Content

Your Account Isn't Verified!

In order to create a playlist on Sporcle, you need to verify the email address you used during registration. Go to your Sporcle Settings to finish the process.

Report this User

Report this user for behavior that violates our Community Guidelines.

Details: